00677nam a2200193 i 450000100060000000300090000600500170001500700030003200800410003510000380007624500840011425000150019826000500021330000220026370000270028585200320031299900170034495201220036184164ES-MaACL20250910063107.0t|041119s1964 xxu ||||1| eng d1 aJames, Henry, d1843-1916924222814aThe portreat of a lady / cby Henry James ; with an afterword by Oscar Cargill. a[1st ed.]. a[New York] : bNew American Library, c[1964] a559 p. ; c18 cm.1 aCargill, Oscar.935238 aES-MaACLjC-34826 bR.66097 c84164d84164 00104070aATENEOMbATENEOMcDEPO2d2008-01-17eSCl0oC-34826p1087961r2023-02-23 00:00:00w2023-02-23yMONOGRAFIA